Central Library OPAC University of Rajshahi

Quantitative methods for business decisions / (Record no. 14760)

MARC details
000 -LEADER
fixed length control field 01024cam a2200313 i 4500
001 - CONTROL NUMBER
control field 14760
003 - CONTROL NUMBER IDENTIFIER
rucl marc code BD-RjUL
005 - DATE AND TIME OF LATEST TRANSACTION
control field 20211208235703.0
008 - FIXED-LENGTH DATA ELEMENTS--GENERAL INFORMATION
fixed length control field 140208s1980 nyua b 001 0 eng
020 ## - INTERNATIONAL STANDARD BOOK NUMBER
International Standard Book Number 0070227519
International Standard Book Number 0070227519
035 ## - SYSTEM CONTROL NUMBER
System control number (BD-RjUL)14814
040 ## - CATALOGING SOURCE
Original cataloging agency DLC
Transcribing agency DLC
Modifying agency DLC
-- BD-RjUL
Language of cataloging eng
041 ## - LANGUAGE CODE
Language code of text/sound track or separate title eng
082 00 - DEWEY DECIMAL CLASSIFICATION NUMBER
Classification number 658.4033
Author mark and year GAQ 1980
100 1# - MAIN ENTRY--PERSONAL NAME
Personal name Gallagher, Charles A.
9 (RLIN) 45978
245 10 - TITLE STATEMENT
Title Quantitative methods for business decisions /
Statement of responsibility, etc. Charles A. Gallagher, Hugh J. Watson.
250 ## - EDITION STATEMENT
Edition statement International student edition
260 ## - PUBLICATION, DISTRIBUTION, ETC. (IMPRINT)
Place of publication, distribution, etc. New York ; Auckland :
Name of publisher, distributor, etc. McGraw-Hill International book ,
Date of publication, distribution, etc. c1980.
300 ## - PHYSICAL DESCRIPTION
Pagination xvi, 604 p. :
Illustrations ill. ;
Size 24 cm.
504 ## - BIBLIOGRAPHY, ETC. NOTE
Bibliography, etc Includes bibliographies and indexes.
650 #0 - SUBJECT ADDED ENTRY--TOPICAL TERM
Topical term or geographic name as entry element Industrial management
General subdivision Mathematical models.
9 (RLIN) 8119
Topical term or geographic name as entry element Decision making
General subdivision Mathematical models.
9 (RLIN) 45979
Topical term or geographic name as entry element Statistical decision.
9 (RLIN) 45980
700 1# - ADDED ENTRY--PERSONAL NAME
Personal name Watson, Hugh J.,
942 ## - ADDED ENTRY ELEMENTS (KOHA)
Source of classification or shelving scheme Dewey Decimal Classification
Koha item type Books
Holdings
Lost status Source of classification or shelving scheme Damaged status Not for loan Collection code Permanent Location Current Location Shelving location Date acquired Source of acquisition Cost, normal purchase price Total Checkouts Full call number Date last seen Copy number Koha item type
  Dewey Decimal Classification     Non-fiction Central Library, University of Rajshahi Central Library, University of Rajshahi   04/10/1988 Credit 35.95   658.4033 GAQ 1980 08/02/2014 C-10 Books
  Dewey Decimal Classification     Non-fiction Central Library, University of Rajshahi Central Library, University of Rajshahi   09/04/1986 Karim International. 9.95   658.4033 GAQ 1985 08/02/2014 C-8 Books
  Dewey Decimal Classification   Not For Loan Non-fiction Central Library, University of Rajshahi Central Library, University of Rajshahi Reading Room 05/03/1985 Tulip 24.90   658.4033 GAQ 1980 20/12/2016 C-1 Books
  Dewey Decimal Classification     Non-fiction Central Library, University of Rajshahi Central Library, University of Rajshahi   05/03/1985 Tulip Interprise , Dhaka 24.90   658.4033 GAQ 1980 15/04/2019 C-2 Books
  Dewey Decimal Classification     Non-fiction Central Library, University of Rajshahi Central Library, University of Rajshahi   05/03/1985 Tulip Interprise , Dhaka 24.90   658.4033 GAQ 1980 15/04/2019 C-3 Books
  Dewey Decimal Classification     Non-fiction Central Library, University of Rajshahi Central Library, University of Rajshahi   05/03/1985 Tulip Interprise , Dhaka 24.90   658.4033 GAQ 1980 15/04/2019 C-4 Books
  Dewey Decimal Classification     Non-fiction Central Library, University of Rajshahi Central Library, University of Rajshahi   05/03/1985 Tulip 24.90   658.4033 GAQ 1980 16/04/2019 C-5 Books
  Dewey Decimal Classification     Non-fiction Central Library, University of Rajshahi Central Library, University of Rajshahi   10/04/1988 I.D.A. Credit 35.95   658.4033 GAQ 1980 17/04/2019 C-6 Books
  Dewey Decimal Classification     Non-fiction Central Library, University of Rajshahi Central Library, University of Rajshahi   10/04/1988 karim Int. 9.95   658.4033 GAQ 1980 17/04/2019 C-7 Books
  Dewey Decimal Classification     Non-fiction Central Library, University of Rajshahi Central Library, University of Rajshahi   05/03/1985 Toppan Co. through tulip 24.90   658.4033 GAQ 1980 04/05/2019 C-9 Books